Iron in the Answers - Statistics

General Stats
  • This quiz has been taken 58,240 times
    17,460 since last reset
  • The average score is 13 of 20
Answer Stats
Clue Answer % Correct
Alter ego of Tony Stark Iron Man
99%
Historic era of iron tools Iron Age
92%
Stalin ruled with an ... Iron fist
90%
What divided Europe during the Cold War Iron Curtain
82%
Strike while the ... Iron is hot
82%
Nickname of Margaret Thatcher Iron Lady
78%
German military decoration Iron Cross
76%
Torture device or heavy metal band Iron Maiden
74%
Rocks from which iron can be extracted Iron ore
73%
Medical ventilator used on polio patients Iron lung
70%
Chemical name of rust Iron oxide
65%
To lift weights is to ... Pump iron
65%
What a skillet might be made of Cast iron
62%
What Daenerys, Cersei, Stannis, and company all fought over Iron Throne
57%
Israel's missile defense shield Iron Dome
55%
Competitive cooking show from Japan Iron Chef
53%
Actor who was the voice of Scar in "The Lion King" Jeremy Irons
47%
What you might use to make your hair look like 1990s Justin Timberlake Curling iron
38%
Old-fashioned term for a train Iron horse
36%
Nickname of Otto von Bismarck Iron Chancellor
29%
No matching quizzes found
Score Distribution
Percent of People with Each Score
Percentile by Number Answered
Your Score History
You have not taken this quiz since the last reset